000 02862nam0a2200373 4500
001 RU\NLR\BIBL_A\016239175
005 20250625005304.0
010 _a978-5-7810-2296-0
_950
021 _aRU
_b2022-83822
_9КН-П-7392
035 _a(RuMoRGB)011412272
035 _a(NLR Aleph) 016239175
090 _a12791921
_c12791921
100 _a20221215d2022 |||y0rusy50 ca
101 0 _arus
_ager
_akhk
102 _aRU
105 _aa z 100zy
181 0 _ai
_baxxe
182 0 _an
200 1 _aКатановские чтения - 2022
_eсборник научных трудов студентов
_eтезисы докладов, представленных на Днях науки "Катановские чтения - 2022"
_fМинистерство науки и высшего образования Российской Федерации, Федеральное государственное бюджетное образовательное учреждение высшего образования "Хакасский государственный университет им. Н. Ф. Катанова"
_gнаучный редактор - С. А. Кырова
203 _aТекст
_bвизуальный
_cнепосредственный
210 _aАбакан
_cИзд-во ФГБОУ ВО "Хакасский государственный университет им. Н. Ф. Катанова"
_d2022
215 _a282 с.
_cил.
_d30
300 _aЧасть текста нем., хакас.
320 _aБиблиогр. в конце ст.
330 _aВ сборник вошли тезисы докладов, представленных на Днях науки "Катановские чтения- 2022". Тематика докладов охватывает экономические, социально-политические, экологические проблемы, проблемы сельского хозяйства, исследования в области компьютерных технологий, естественнонаучных, филологических, педагогических, исторических дисциплин. Сборник представляет интерес для студентов и аспирантов вузов
601 0 2 _aХакасский государственный университет им. Н.Ф. Катанова
_cАбакан, город
_jСборники
_xНаучные работы студентов
_92489726
_3RU\NLR\AUTH\661477388
675 _a082
_v4
686 1 _aЯ43(2Р-4Кра-6Х-2А)31
710 1 2 _aКатановские чтения
_eАбакан
_f2022
_9827341
_3RU\NLR\AUTH\880580852
942 _cBOOK
980 _aNB